[Event "Guernsey Holiday op 42nd"]
[Site "Guernsey"]
[Date "2016.10.21"]
[Round "6"]
[White "Foster, Paul"]
[Black "Newrick, William"]
[Result "1-0"]
[WhiteElo "1645"]
[BlackElo "1225"]
[PlyCount "57"]
[EventDate "2016.10.16"]
[EventType "swiss"]
[EventRounds "7"]
[EventCountry "GCI"]
[SourceTitle "EXT 2022"]
[Source "ChessBase"]
[SourceDate "2021.10.06"]
[SourceVersion "1"]
[SourceVersionDate "2021.10.06"]
[SourceQuality "1"]

1. e4 c5 2. Nc3 e6 3. f4 Nc6 4. Nf3 Nge7 5. d4 Nxd4 6. Nxd4 cxd4 7. Nb5 Nc6 8. Nxd4 Nxd4 9. Qxd4 Qa5+ 10. Bd2 Qc5 11. Qd3 d5 12. e5 Bd7 13. c3 a6 14. Be3 Qc7 15. Qd2 Bc5 16. Bd3 Bxe3 17. Qxe3 0-0 18. 0-0 Rac8 19. Kh1 f6 20. Qh3 h6 21. Rae1 fxe5 22. Rxe5 Rxf4 23. Rfe1 Rcf8 24. Qe3 Qd8 25. Rg1 Qf6 26. h3 Qh4 27. Rxe6 Bxe6 28. Qxe6+ Kh8 29. Qg6 1-0

[Event "Guernsey Holiday op 41st"]
[Site "Guernsey"]
[Date "2015.10.22"]
[Round "5"]
[White "Jones, Tim"]
[Black "Newrick, William"]
[Result "1-0"]
[WhiteElo "1518"]
[BlackElo "1366"]
[PlyCount "45"]
[EventDate "2015.10.18"]
[EventType "swiss"]
[EventRounds "7"]
[EventCountry "GCI"]
[SourceTitle "EXT 2022"]
[Source "ChessBase"]
[SourceDate "2021.10.06"]
[SourceVersion "1"]
[SourceVersionDate "2021.10.06"]
[SourceQuality "1"]

1. e4 c5 2. Nc3 e6 3. g3 Nc6 4. Bg2 Nf6 5. d3 Be7 6. Nf3 0-0 7. 0-0 d5 8. exd5 Nxd5 9. Re1 Nxc3 10. bxc3 Bf6 11. Bd2 Qd7 12. a3 Rb8 13. Rb1 b6 14. h3 Bb7 15. Nh2 Ne5 16. Bf4 Bxg2 17. Kxg2 Qc6+ 18. Kg1 Nxd3 19. Qxd3 Rbd8 20. Qe3 Rfe8 21. Ng4 e5 22. Nxf6+ Qxf6 23. Bg5 1-0

[Event "Guernsey Holiday op 41st"]
[Site "Guernsey"]
[Date "2015.10.20"]
[Round "3"]
[White "Newrick, William"]
[Black "Gunn, Michael J"]
[Result "1/2-1/2"]
[WhiteElo "1366"]
[BlackElo "1665"]
[PlyCount "45"]
[EventDate "2015.10.18"]
[EventType "swiss"]
[EventRounds "7"]
[EventCountry "GCI"]
[SourceTitle "EXT 2022"]
[Source "ChessBase"]
[SourceDate "2021.10.06"]
[SourceVersion "1"]
[SourceVersionDate "2021.10.06"]
[SourceQuality "1"]

1. d4 d5 2. c4 dxc4 3. e4 e5 4. d5 c6 5. Bxc4 Nf6 6. Nc3 Be7 7. Nf3 Bd6 8. 0-0 0-0 9. Bg5 h6 10. Bxf6 Qxf6 11. Qb3 Nd7 12. Qc2 Nb6 13. Bb3 Bg4 14. dxc6 bxc6 15. Qd3 Rfd8 16. Qe3 Nd7 17. Na4 Bc7 18. Nc5 Nxc5 19. Qxc5 Bb6 20. Qxe5 Bd4 21. Qxf6 Bxf6 22. e5 Be7 23. Rfe1 1/2-1/2

[Event "Guernsey Holiday op 41st"]
[Site "Guernsey"]
[Date "2015.10.19"]
[Round "2"]
[White "Joyeux, Gerard"]
[Black "Newrick, William"]
[Result "1-0"]
[WhiteElo "1594"]
[BlackElo "1366"]
[PlyCount "55"]
[EventDate "2015.10.18"]
[EventType "swiss"]
[EventRounds "7"]
[EventCountry "GCI"]
[SourceTitle "EXT 2022"]
[Source "ChessBase"]
[SourceDate "2021.10.06"]
[SourceVersion "1"]
[SourceVersionDate "2021.10.06"]
[SourceQuality "1"]

1. d4 d5 2. e4 Nc6 3. c3 e6 4. e5 Be7 5. Bd3 f6 6. Qh5+ Kd7 7. Nf3 Qe8 8. Qg4 g6 9. c4 f5 10. Qf4 Nb4 11. Qd2 Nxd3+ 12. Qxd3 Bb4+ 13. Bd2 Bxd2+ 14. Nbxd2 c6 15. cxd5 cxd5 16. 0-0 Ne7 17. Rac1 Nc6 18. a3 Ke7 19. b4 a6 20. Qc3 Bd7 21. Nb3 b6 22. a4 Rc8 23. Qd2 Kf7 24. a5 Qd8 25. axb6 Qxb6 26. Nc5 Rhd8 27. Qh6 Kg8 28. Ng5 1-0

[Event "Guernsey Holiday op 40th"]
[Site "Guernsey"]
[Date "2014.10.22"]
[Round "4"]
[White "Bennett, David"]
[Black "Newrick, William"]
[Result "1/2-1/2"]
[WhiteElo "1360"]
[BlackElo "1383"]
[PlyCount "56"]
[EventDate "2014.10.19"]
[EventType "swiss"]
[EventRounds "7"]
[EventCountry "GCI"]
[SourceTitle "EXT 2022"]
[Source "ChessBase"]
[SourceDate "2021.10.06"]
[SourceVersion "1"]
[SourceVersionDate "2021.10.06"]
[SourceQuality "1"]

1. Nf3 d5 2. d4 Nf6 3. Bf4 e6 4. a3 c5 5. Bxb8 Rxb8 6. e3 cxd4 7. exd4 Bd6 8. Nbd2 0-0 9. Be2 Qc7 10. Ne5 Bxe5 11. dxe5 Qxe5 12. Rb1 Bd7 13. Nf3 Qc7 14. 0-0 Bc6 15. Qd4 Nd7 16. b4 e5 17. Qc3 d4 18. Qd2 Nf6 19. Rbc1 Bxf3 20. Bxf3 e4 21. Be2 Rbd8 22. Qg5 Rd5 23. Qd2 Qc3 24. Qxc3 dxc3 25. Bc4 Rd2 26. h3 Rfd8 27. Rfe1 R8d4 28. Bb3 g6 1/2-1/2

[Event "Guernsey Holiday op 40th"]
[Site "Guernsey"]
[Date "2014.10.21"]
[Round "3"]
[White "Newrick, William"]
[Black "Kay, Robert Terry"]
[Result "0-1"]
[WhiteElo "1383"]
[BlackElo "1555"]
[PlyCount "54"]
[EventDate "2014.10.19"]
[EventType "swiss"]
[EventRounds "7"]
[EventCountry "GCI"]
[SourceTitle "EXT 2022"]
[Source "ChessBase"]
[SourceDate "2021.10.06"]
[SourceVersion "1"]
[SourceVersionDate "2021.10.06"]
[SourceQuality "1"]

1. d4 Nf6 2. Nf3 d5 3. e3 Bg4 4. c4 e6 5. cxd5 exd5 6. Be2 Bd6 7. h3 Bh5 8. Nc3 c6 9. Qc2 0-0 10. Ne5 Bxe2 11. Nxe2 Qe7 12. Nf3 Ne4 13. Nc3 f5 14. Nxe4 fxe4 15. Nd2 Qf7 16. Nb3 Bb4+ 17. Kf1 b6 18. a3 Bd6 19. Ke1 Na6 20. Rf1 Rac8 21. f4 c5 22. Qe2 c4 23. f5 Nb8 24. Qg4 cxb3 25. h4 Nd7 26. h5 Nf6 27. Rh1 Nxg4 0-1

[Event "Guernsey Holiday op 39th"]
[Site "Guernsey"]
[Date "2013.10.24"]
[Round "5"]
[White "Newrick, William"]
[Black "Bennett, David"]
[Result "1/2-1/2"]
[WhiteElo "1392"]
[BlackElo "1392"]
[PlyCount "31"]
[EventDate "2013.10.20"]
[EventType "swiss"]
[EventRounds "7"]
[EventCountry "GCI"]
[SourceTitle "EXT 2022"]
[Source "ChessBase"]
[SourceDate "2021.10.06"]
[SourceVersion "1"]
[SourceVersionDate "2021.10.06"]
[SourceQuality "1"]

1. d4 Nf6 2. c4 c5 3. e3 cxd4 4. exd4 e6 5. Nf3 Bb4+ 6. Nc3 0-0 7. Be2 b6 8. 0-0 Bb7 9. Qc2 Nc6 10. a3 Be7 11. Bf4 d6 12. Rad1 Rc8 13. Qb1 Qd7 14. d5 exd5 15. cxd5 Na5 16. Bb5 1/2-1/2

[Event "Guernsey Holiday op"]
[Site "Guernsey"]
[Date "2012.10.24"]
[Round "4"]
[White "Newrick, William"]
[Black "Hamann, Marcus"]
[Result "0-1"]
[WhiteElo "1440"]
[BlackElo "1756"]
[PlyCount "72"]
[EventDate "2012.10.21"]
[EventType "swiss"]
[EventRounds "7"]
[EventCountry "GCI"]
[SourceTitle "EXT 2015"]
[Source "ChessBase"]
[SourceDate "2014.11.20"]
[SourceVersion "1"]
[SourceVersionDate "2014.11.20"]
[SourceQuality "1"]

1. d4 d5 2. c4 c6 3. e3 Nf6 4. Nc3 e6 5. cxd5 exd5 6. Nf3 Bb4 7. Be2 Ne4 8. Bd2 Qa5 9. Nxe4 dxe4 10. Bxb4 Qxb4+ 11. Qd2 Qe7 12. Ne5 Nd7 13. Nxd7 Bxd7 14. 0-0 Qg5 15. f4 Qg6 16. Rf2 f5 17. Rc1 0-0 18. Rc5 Be6 19. a3 Rac8 20. d5 Bxd5 21. Bc4 Bxc4 22. Rxc4 Rcd8 23. Qc2 Rd5 24. Rc5 Qf7 25. Qb3 Re8 26. Rxd5 Qxd5 27. Qxd5+ cxd5 28. Rc2 Re7 29. b4 Kf7 30. a4 Ke6 31. b5 Kd6 32. Kf2 Rc7 33. Rxc7 Kxc7 34. a5 a6 35. b6+ Kc6 36. h3 Kb5 0-1

[Event "Guernsey Holiday op"]
[Site "Guernsey"]
[Date "2010.10.20"]
[Round "4"]
[White "Kaye, Michael J"]
[Black "Newrick, William"]
[Result "1/2-1/2"]
[WhiteElo "1456"]
[BlackElo "1384"]
[PlyCount "49"]
[EventDate "2010.10.17"]
[EventType "swiss"]
[EventRounds "7"]
[EventCountry "GCI"]
[SourceTitle "EXT 2013"]
[Source "ChessBase"]
[SourceDate "2012.11.22"]
[SourceVersion "1"]
[SourceVersionDate "2012.11.22"]
[SourceQuality "1"]

1. d4 d5 2. e3 e6 3. Bd3 Nf6 4. Nf3 c5 5. c3 Nc6 6. Nbd2 cxd4 7. exd4 Bd6 8. 0-0 0-0 9. Re1 Qc7 10. Qc2 h6 11. Nf1 Re8 12. Ng3 e5 13. dxe5 Nxe5 14. Nxe5 Rxe5 15. Rxe5 Bxe5 16. Nf1 Ng4 17. g3 Nf6 18. Be3 Bh3 19. Qd2 Qc6 20. f4 Bc7 21. Bd4 Bb6 22. Re1 Ne4 23. Bxe4 dxe4 24. Ne3 Rd8 25. Qf2 1/2-1/2

[Event "Guernsey Holiday op"]
[Site "Guernsey"]
[Date "2009.10.18"]
[Round "1"]
[White "Newrick, William"]
[Black "Williams, Peter D"]
[Result "0-1"]
[WhiteElo "1347"]
[BlackElo "1690"]
[PlyCount "42"]
[EventDate "2009.10.18"]
[EventType "swiss"]
[EventRounds "7"]
[EventCountry "GCI"]
[SourceTitle "EXT 2015"]
[Source "ChessBase"]
[SourceDate "2014.11.20"]
[SourceVersion "1"]
[SourceVersionDate "2014.11.20"]
[SourceQuality "1"]

1. d4 d5 2. Nf3 Nf6 3. e3 Bg4 4. Be2 e6 5. h3 Bh5 6. 0-0 Be7 7. Nbd2 0-0 8. Bd3 Nbd7 9. g4 Bg6 10. Bxg6 hxg6 11. Ne5 Ne4 12. Nxd7 Qxd7 13. Nxe4 dxe4 14. c4 Rad8 15. Qb3 b6 16. Bd2 Bd6 17. Bc3 Qe7 18. Rad1 f5 19. f3 Qh4 20. Rd2 Qxh3 21. Rg2 exf3 0-1

[Event "Guernsey Holiday op 33rd"]
[Site "Guernsey"]
[Date "2007.10.25"]
[Round "5"]
[White "Newrick, William"]
[Black "Le Maitre, Richard"]
[Result "1/2-1/2"]
[WhiteElo "1363"]
[BlackElo "1270"]
[PlyCount "59"]
[EventDate "2007.10.21"]
[EventType "swiss"]
[EventRounds "7"]
[EventCountry "GCI"]
[SourceTitle "EXT 2022"]
[Source "ChessBase"]
[SourceDate "2021.10.06"]
[SourceVersion "1"]
[SourceVersionDate "2021.10.06"]
[SourceQuality "1"]

1. d4 Nf6 2. c4 g6 3. Nc3 Bg7 4. Nf3 d6 5. e4 0-0 6. Be2 Bg4 7. h3 Bxf3 8. Bxf3 e5 9. dxe5 dxe5 10. 0-0 Nc6 11. Qxd8 Raxd8 12. Nd5 Nxd5 13. cxd5 Nd4 14. Be3 Nxf3+ 15. gxf3 b6 16. Rac1 Rd7 17. Rc6 Rc8 18. b4 Bf8 19. a3 Rd6 20. Rfc1 Rxc6 21. Rxc6 Bd6 22. Kg2 Rf8 23. Bh6 Re8 24. Kf1 f6 25. Ke2 Re7 26. Kd3 Rf7 27. Be3 f5 28. Rc1 f4 29. Bd2 g5 30. Rh1 1/2-1/2

[Event "Guernsey Holiday op"]
[Site "Grand Harve Bay"]
[Date "2006.10.15"]
[Round "1"]
[White "Newrick, William"]
[Black "Guttridge, David"]
[Result "0-1"]
[WhiteElo "1400"]
[BlackElo "1608"]
[PlyCount "58"]
[EventDate "2006.10.15"]
[EventType "swiss"]
[EventRounds "7"]
[EventCountry "GCI"]
[SourceTitle "EXT 2008"]
[Source "ChessBase"]
[SourceDate "2007.11.25"]
[SourceVersion "1"]
[SourceVersionDate "2007.11.25"]
[SourceQuality "1"]

1. d4 e6 2. c4 f5 3. h4 Nf6 4. Nc3 d5 5. Nf3 c6 6. Qc2 Bd6 7. e3 Ne4 8. Bd2 Nd7 9. cxd5 exd5 10. Bd3 Ndf6 11. Bxe4 fxe4 12. Ne5 Bxe5 13. dxe5 Ng4 14. Ne2 Nxe5 15. Bc3 Qe7 16. Bxe5 Qxe5 17. 0-0-0 Bg4 18. Rde1 Bxe2 19. Rxe2 0-0-0 20. f4 exf3 21. gxf3 g6 22. f4 Qe6 23. h5 Rhe8 24. hxg6 hxg6 25. Rh6 d4 26. Rxg6 Qf7 27. exd4 Rxe2 28. Rxc6+ bxc6 29. Qxc6+ Qc7 0-1

[Event "Guernsey Holiday op"]
[Site "Cobo Bay"]
[Date "2005.10.20"]
[Round "5"]
[White "Newrick, William"]
[Black "Collier, Michael J"]
[Result "1/2-1/2"]
[WhiteElo "1400"]
[BlackElo "1520"]
[PlyCount "55"]
[EventDate "2005.10.16"]
[EventType "swiss"]
[EventRounds "7"]
[EventCountry "GCI"]
[SourceTitle "EXT 2007"]
[Source "ChessBase"]
[SourceDate "2006.11.23"]
[SourceVersion "1"]
[SourceVersionDate "2006.11.23"]
[SourceQuality "1"]

1. d4 d5 2. e3 e6 3. c4 Nf6 4. Nc3 Nbd7 5. Nf3 Bb4 6. a3 Bxc3+ 7. bxc3 0-0 8. Qc2 dxc4 9. Bxc4 c5 10. 0-0 cxd4 11. exd4 Nb6 12. Bd3 h6 13. Bf4 Bd7 14. h3 Rc8 15. Qd2 Nfd5 16. Bd6 Re8 17. Rac1 Bc6 18. Bc5 Qf6 19. Ne5 Nd7 20. Nxd7 Bxd7 21. Bd6 a6 22. c4 Nc7 23. c5 Nb5 24. Be5 Qd8 25. a4 Nc7 26. a5 Bc6 27. Rb1 Qd5 28. f3 1/2-1/2